| 000 | 01588nam a2200409 b 4500 | ||
|---|---|---|---|
| 001 | bimo0001667291 | ||
| 003 | CO-MdFUSB | ||
| 005 | 20180622170020.0 | ||
| 008 | 010416t2000 sp | ||| ||spa | ||
| 017 |
_aBI 2777-2000 _bOficina Depósito Legal Vizcaya |
||
| 020 | _a842931377X | ||
| 040 |
_aSpMaBN _bspa _erdc _cCO-MdFUSB _dCO-MdFUSB |
||
| 041 | 1 |
_aspa _hfre |
|
| 080 | 0 | _a215 | |
| 082 |
_224 _aG 261.55 _bB712e |
||
| 100 | 1 |
_aBoné, Édouard _eautor |
|
| 240 | 1 | 0 | _aDieu, hypothése inutile? |
| 245 | 1 | 1 |
_a¿Es Dios una hipótesis inútil? _b: evolución y bioética : ciencia y fe _c/ Édouard Boné ; [traducción, Miguel Montes] |
| 264 | 1 |
_aMaliaño (Cantabria): _bSal Terrae, _c℗[2000] |
|
| 264 | 1 | _c©2000 | |
| 300 |
_a197 páginas : _c22 cm _b: |
||
| 336 |
_2rdacontent _a1 _ba1 |
||
| 337 |
_2rdamedia _a2 _b5 |
||
| 338 |
_2rdacarrier _a2 _b5 |
||
| 440 | 0 | _v109 | |
| 490 | _aPresencia teológica | ||
| 504 | _aPrimera parte: ¿Universos incompatibles o mundos complementarios? -- Segunda parte: Y el hombre se levantó -- Tercera parte: Logros biotecnológicos | ||
| 650 | 7 |
_aEvolucionismo _xAspectos religiosos _xIglesia Católica |
|
| 650 | 7 |
_aBioética _xAspectos religiosos _xIglesia Católica |
|
| 942 | _cBK | ||
| 956 | _a2 | ||
| 980 |
_aBI 2777-2000 _a84-293-1377-X _aM-BN _bBNALCALA _j12/64581 _cALCALA |
||
| 980 |
_aBI 2777-2000 _a84-293-1377-X _aM-BN _bBNALCALA _jAHM/483237 _cSALA_ALC |
||
| 980 |
_aBI 2777-2000 _a84-293-1377-X _aM-BN _bBNALCALA _jDL/1041349 _cCONSERVACI |
||
| 999 |
_c63889 _d63889 |
||